01218nam a2200277Ia 4500001000700000003000500007008004100012010001100053020009200064040000900156082002300165100002100188245017700209250011400386260005100500300000900551500010800560503004200668504002700710650002700737650005300764700003000817700002800847700003000875700003500905Z_2607CHAP220113s1977 xx 000 0 und d a165667 a978-84-458-0721-7 (obra completa) \ 978-84-458-02722-4 (Tomo1) \ 978-84-0723-1 (Tomo 2) cCHAP a636.0891 S57 1982e aSisson, Septimus aSisson y grossman anatomía de los animales domésticos /cSeptimus Sisson y James Daniels Grossman; traducción Martín Roldán, Martín Illera y Layunta Blánquez a5a ed. / Robert Getty ; coordinación editorial Cynthia Ellenport Rosenbaunm, N. G. Ghoshal y Daniel Hillman aBarcelona, España :bElsevier Masson,c1977 a2 v. aTraducción de la obra en inglés: Sisson and Grossman´s The anatomy of the domestic animals, 5a ed. aej.1 T.1: consumo \ ej.1 T.2: consumo aIncluye bibliografía aAnatomía veterinaria aAnimales domésticosxAnatomía y fisiología a Blánquez, Layunta, tr. a Illera, Martín, tr.  a Martín, Roldán, tr.  aGrossman, James Daniels, aut.